[Event "XIX Sants Open 2017"]
[Site "Cotxeres de Sants"]
[Date "2017.08.25"]
[Round "8"]
[White "Krysa, Leandro"]
[Black "Munoz, Miguel"]
[Result "1-0"]
[WhiteElo "2537"]
[BlackElo "2497"]
[Annotator "TA"]
[PlyCount "87"]
[EventDate "2017.??.??"]
[EventType "swiss"]
[EventCountry "ESP"]
[SourceTitle "playchess.com"]
[Source "ChessBase"]
[SourceQuality "1"]

{[%evp 14,87,89,61,89,82,148,155,148,143,151,153,165,169,183,163,124,111,157,82,171,137,452,443,429,453,432,420,602,600,663,319,316,328,322,328,324,319,314,308,312,308,388,369,29990,29991,29991,276,270,189,363,184,185,185,184,125,119,119,833,476,657,192,507,204,12841,12841,12844,12844,12845,12845,12845,12845,12845,220,12846,12847]} 1. d4 Nf6 2. c4 c5 3. d5 e6 4. Nc3 exd5 5. cxd5 d6 6. e4 a6 7. f4 Bg4 {A65: Modern Benoni: 6 e4} 8. Qa4+ {LiveBook: 3 Games} (8. Nf3 {keeps more tension.} g6 9. Be2 Nfd7 10. O-O Bg7 11. h3) 8... Bd7 9. Qc2 $146 ({Predecessor:} 9. Qb3 b5 10. e5 dxe5 11. fxe5 Ng4 12. Nf3 c4 13. Qc2 Bc5 14. Ne4 Bb4+ 15. Bd2 Bxd2+ 16. Qxd2 {0-1 (34) Narciso Dublan,M (2550)-Munoz Pantoja,M (2452) Mollet del Valles 2016}) 9... Qe7 (9... g6 $142) 10. Nf3 $16 Bg4 11. Be2 $1 Nbd7 12. O-O Bxf3 13. Bxf3 ({Don't take} 13. Rxf3 $6 g6 $16) ({But not} 13. gxf3 $6 g6 $11) 13... g6 14. e5 dxe5 {[#]} 15. d6 $1 {[%cal Rd6e7][%mdl 512]} Qxd6 16. Bxb7 ({White should play} 16. fxe5 Qxe5 17. Qf2) 16... Rb8 (16... Ra7 $16) 17. fxe5 $1 $18 Qd4+ $2 {[%mdl 8192]} (17... Qxe5 $16 18. Bxa6 Bd6) 18. Kh1 Rxb7 19. exf6 Bd6 20. Bh6 Qh4 {[#]} (20... Bb8 $142 21. g3 Kd8) 21. Bf4 $1 {[%mdl 512]} Rxb2 (21... Bxf4 22. Qe4+) 22. Qe4+ (22. Qc1 $142) 22... Be5 {and if ...0-0 works, Black does fine.} 23. Rae1 {Black must now prevent Qa8+.} O-O 24. Bxe5 Qxe4 25. Rxe4 ({Inferior is} 25. Nxe4 Nxe5 26. Nxc5 Nc6 $11) 25... Rc2 26. Nd5 Nxe5 27. Rxe5 h5 28. h3 Rxa2 $2 (28... Rd8 $18 29. Kh2 Rd2) 29. Ne7+ Kh7 {[#]} 30. Rxc5 $2 (30. Rxh5+ $3 {[%mdl 512] mates} gxh5 31. Rf5 Kh6 32. g4 hxg4 33. hxg4 Ra1+ 34. Kh2 Ra2+ 35. Kg3 Ra3+ 36. Kh4 Rh3+ 37. Kxh3 Rh8 38. Rh5#) 30... Rd8 31. Rd5 Rb8 $2 (31... Rxd5 {was called for.} 32. Nxd5 Ra5) 32. Nc6 (32. Rd7 $142) 32... Rbb2 33. Ra5 {And now Rxa2 would win.} Rxg2 {[#] ( -> ...Rh2+)} 34. Rxa2 $1 Rxa2 {[%mdl 4096] Endgame KRN-KR} 35. Ne5 Kg8 $2 {[%mdl 8192]} (35... Ra5 $16) 36. Rd1 Rf2 37. Rd8+ Kh7 38. Rd6 (38. Nd7 $142) 38... a5 $2 (38... Kg8 39. Rxa6 Rf5 40. Ra8+ Kh7 41. Nxf7 Rxf6) 39. Nxf7 a4 40. Ng5+ Kh6 41. h4 {White threatens Rd7 and mate.} Rf4 42. f7 a3 {[#]} 43. f8=Q+ $1 Rxf8 44. Rd7 {Precision: White = 65%, Black = 42%.} 1-0

[Event "XIX Sants Open 2017"]
[Site "Cotxeres de Sants"]
[Date "2017.08.25"]
[Round "8"]
[White "Vera Siguenas, Deivy"]
[Black "Karthik Venkataraman"]
[Result "1/2-1/2"]
[WhiteElo "2525"]
[BlackElo "2316"]
[Annotator "TA"]
[PlyCount "82"]
[EventDate "2017.??.??"]
[EventType "swiss"]
[EventCountry "ESP"]
[SourceTitle "playchess.com"]
[Source "ChessBase"]
[SourceQuality "1"]

{[%evp 29,82,-13,-2,-5,7,-3,0,0,0,0,0,0,0,0,0,0,0,0,0,0,0,-31,-31,-82,-76,-73,0,0,0,0,7,0,25,-21,-10,-17,-27,-18,-10,-18,-27,-33,0,0,0,0,0,-7,-13,-22,-27,-27,5,0,2]} 1. e4 c5 2. Nf3 d6 3. Bb5+ Bd7 4. Bxd7+ Qxd7 5. O-O Nc6 6. c3 Nf6 7. Re1 e6 8. d4 cxd4 9. cxd4 d5 10. e5 Ne4 11. Nbd2 Nxd2 12. Bxd2 Be7 13. Rc1 O-O 14. Rc3 Rfc8 {B52: Sicilian: Moscow Variation with 3...Bd7} (14... Rac8 15. a3 Nb8 16. Rd3 Qb5 17. Rb3 Qc6 18. Ng5 Bxg5 19. Bxg5 Nd7 20. Qg4 f5 21. Qh4 Rfe8 22. Bf6 {1-0 (46) Jones,G (2654)-Gelfand,B (2777) London 2013}) 15. a3 Nd8 {LiveBook: 14 Games} 16. Rd3 {[#]} Qc6 $146 ({Predecessor:} 16... Qc7 17. Ng5 Qc2 18. Qf3 Bxg5 19. Bxg5 Qxb2 20. Qg4 Kf8 21. Rg3 Rc3 22. Bxd8 Rxg3 {½-½ (37) De la Riva Aguado,O (2540)-Jones,G (2653) Istanbul 2012}) 17. h4 Qc4 18. Qb1 h6 19. h5 Rc6 20. Rc1 Qb5 21. Rxc6 Qxc6 22. Rc3 Qd7 23. Nh2 Rc8 24. Rg3 Kh8 25. Ng4 (25. Qd1 $5 {[%cal Rd1g4]} Bh4 26. Rg4 $11) 25... Qa4 26. Rc3 (26. Qd3 $15) 26... Rc6 $17 27. Rd3 Rb6 (27... Qc2 $17 28. Qxc2 Rxc2) 28. Kh2 $11 Qb5 29. b4 Qe8 30. Qd1 Qg8 31. Rc3 Rc6 32. b5 Rxc3 33. Bxc3 Bxa3 34. Qa4 Be7 $1 35. Qxa7 f5 36. exf6 gxf6 37. Ne3 Qe8 $1 38. Qb8 {White wants to play Ba5.} Qxb5 39. Qc7 Qe8 40. Kg1 Qf8 41. Qd7 Bd6 {Precision: White = 47%, Black = 59%.} 1/2-1/2

[Event "XIX Sants Open 2017"]
[Site "Cotxeres de Sants"]
[Date "2017.08.25"]
[Round "8"]
[White "Ferreira, Jorge Viterbo"]
[Black "Oparin, Grigoriy"]
[Result "0-1"]
[WhiteElo "2499"]
[BlackElo "2609"]
[Annotator "TA"]
[PlyCount "80"]
[EventDate "2017.??.??"]
[EventType "swiss"]
[EventCountry "ESP"]
[SourceTitle "playchess.com"]
[Source "ChessBase"]
[SourceQuality "1"]

{[%evp 31,79,15,14,-2,16,12,5,4,4,28,28,-25,0,-23,10,-139,-150,-143,-128,-128,-154,-167,-86,-100,-91,-95,-94,-103,-89,-132,0,-119,0,0,0,-537,-518,-29996,-29997,-29997,-29998,-29998,-29996,-29996,-29997,-29997,-29998,-29998,-29999,-29999]} 1. e4 e5 2. Nf3 Nc6 3. Bb5 {[%cal Bf1b5,Bb5a4,Ba4b3][%mdl 32]} a6 4. Ba4 Nf6 5. O-O Be7 6. Re1 b5 7. Bb3 d6 8. c3 O-O 9. h3 Nb8 10. d4 Nbd7 11. Nbd2 Bb7 12. Bc2 Re8 13. Nf1 Bf8 14. Ng3 g6 15. Bd2 Bg7 16. Qc1 {C95: Closed Ruy Lopez: Breyer Variation with 10 d4} d5 {LiveBook: 6 Games} 17. dxe5 (17. Bg5 Qc8 18. exd5 exd4 19. Nxd4 Rxe1+ 20. Qxe1 Bxd5 21. Qd2 Qb7 22. Bh6 Bxg2 23. Kh2 c5 {0-1 (42) Yeletsky,I (2369)-Morovic Fernandez,I (2550) Moscow 2017}) 17... Nxe5 $146 ({Find the theoretical novelty and annotate with similar games:} 17... Nxe4 18. Nxe4 dxe4 19. Bxe4 Bxe4 20. Rxe4 Nxe5 21. Nxe5 Rxe5 22. Rxe5 Bxe5 23. Bg5 Qd5 24. Qd1 {½-½ (24) Cuijpers,F (2435)-Jens,J (2382) Netherlands 2011}) 18. Nxe5 {The position is equal.} Rxe5 19. f4 Re8 {[%cal Rf6e4]} 20. e5 Nd7 21. b4 ({White should try} 21. a4) 21... c5 22. Be3 Rc8 23. Qd1 (23. bxc5 $11 {remains equal.} Nxc5 24. Qd2) 23... cxb4 $1 $17 24. cxb4 {[#]} Nxe5 $1 {[%mdl 512]} 25. fxe5 Bxe5 26. Nf5 {And now Nh6+ would win.} gxf5 (26... Bxa1 $19 27. Qxa1 gxf5 28. Bxf5 Rc4) 27. Bxf5 {Black must now prevent Qg4+.} Rc4 $36 {[%mdl 2048] White is under strong pressure.} 28. Rb1 Qh4 {Threatens to win with ...Bg3.} 29. Bf2 Qf4 30. Qh5 Qh2+ 31. Kf1 {[#]} Qh1+ (31... h6 $1 $17 {...Qh1+ is the strong threat.} 32. Qxh6 Qh1+ 33. Bg1 Rf4+ 34. Qxf4 Bxf4 35. Rxe8+ Kg7) 32. Ke2 $1 $11 Qxg2 {aiming for ...d4.} 33. Rg1 $2 {[%mdl 8192] [#]} (33. Kd1 $1 $11 {and White has nothing to worry.} Qxf2 34. Qxh7+ Kf8 35. Qh6+ Kg8 36. Bh7+ Kh8 37. Bg6+ Kg8 38. Bh7+ Kh8 39. Bg6+ Kg8 40. Bh7+) 33... Bg3+ $1 $19 ({Stronger than} 33... Bg7+ 34. Kd1 $11) 34. Kd3 {[#]} (34. Kd1 $19 Qxf2 35. Qxh7+ Kf8 36. Qh6+ Ke7 37. Qg5+ Kd6 38. Qxg3+ Rf4 39. Qxf2 Rxf2 40. Bg4) 34... Re3+ $1 {[%mdl 512] Black mates.} 35. Kxe3 Qxf2+ ({Weaker is} 35... Bxf2+ 36. Kd3 $17) 36. Kd3 Rd4+ 37. Kc3 Qd2+ 38. Kb3 Rxb4+ 39. Ka3 Qc3+ 40. Rb3 Ra4# {Precision: White = 32%, Black = 62%.} 0-1

[Event "XIX Sants Open 2017"]
[Site "Cotxeres de Sants"]
[Date "2017.08.25"]
[Round "8"]
[White "Mons, Leon"]
[Black "Heimann, Andreas"]
[Result "1/2-1/2"]
[WhiteElo "2483"]
[BlackElo "2591"]
[Annotator "TA"]
[PlyCount "80"]
[EventDate "2017.??.??"]
[EventType "swiss"]
[EventCountry "ESP"]
[SourceTitle "playchess.com"]
[Source "ChessBase"]
[SourceQuality "1"]

{[%evp 28,80,15,17,18,7,1,0,0,0,0,0,0,0,0,0,0,5,3,0,0,0,0,0,0,0,0,0,0,0,0,0,0,0,0,0,0,0,0,0,0,0,0,0,0,0,0,0,0,0,0,0,0,0,0]} 1. d4 Nf6 2. Nf3 d5 3. c4 dxc4 4. e3 e6 5. Bxc4 c5 6. O-O Nc6 7. Nc3 cxd4 8. exd4 Be7 9. a3 O-O 10. Re1 b6 {D26: Queen's Gambit Accepted: 4 e3 e6 5 Bxc5 c5 sidelines} 11. d5 (11. Bg5 Bb7 12. Qd3 h6 13. Bxf6 Bxf6 14. Rad1 Ne7 15. Ne4 Nf5 16. Ba2 Re8 17. Bb1 g6 18. g4 Nh4 19. Nxh4 Bxh4 20. Qe3 {0-1 (44) Short,N (2655)-Vallejo Pons,F (2700) Madrid 2016}) 11... Na5 12. Ba2 Nxd5 13. Nxd5 exd5 14. Bxd5 Bb7 15. Bxb7 {LiveBook: 8 Games. The position is equal.} Nxb7 16. Qxd8 Bxd8 17. Bf4 Bf6 18. Be5 Bxe5 19. Nxe5 Rfc8 $146 20. Rac1 (20. Rad1 {is interesting.} f6 21. Nf3 Rd8 22. Nd4 Rac8 23. f3) 20... Rxc1 21. Rxc1 $11 {[%mdl 4096] Endgame KRN-KRN} Nc5 22. b4 Ne6 23. g3 Kf8 24. Kf1 f6 25. Nd3 Re8 26. Rc4 Kf7 27. h4 Re7 28. Nf4 Rc7 29. Re4 Nxf4 (29... Nf8 {looks sharper.} 30. a4 Rc2 31. Rd4 g5 32. hxg5 fxg5 33. Nh3 h6) 30. Rxf4 {KR-KR} Ke6 31. Rd4 Rd7 32. Rc4 Kd5 33. Rc8 Re7 34. Kg2 Ke4 35. Rd8 Rc7 36. a4 Ke5 37. a5 bxa5 38. bxa5 Ke6 39. g4 Rc5 40. Rb8 Rxa5 {Precision: White = 94%, Black = 91%.} 1/2-1/2

[Event "XIX Sants Open 2017"]
[Site "Cotxeres de Sants"]
[Date "2017.08.25"]
[Round "8"]
[White "Moroni, Luca Jr"]
[Black "Praggnanandhaa R"]
[Result "1/2-1/2"]
[WhiteElo "2476"]
[BlackElo "2487"]
[Annotator "TA"]
[PlyCount "105"]
[EventDate "2017.??.??"]
[EventType "swiss"]
[EventCountry "ESP"]
[SourceTitle "playchess.com"]
[Source "ChessBase"]
[SourceQuality "1"]

{[%evp 18,105,-10,-13,-5,-10,-6,-22,-8,-14,4,0,2,-8,-9,-10,-2,-25,-20,-32,0,-10,0,-12,-12,-27,-17,-25,-22,-29,-35,-35,-36,-76,-50,-85,-81,-75,-27,-27,0,-57,-46,-46,-18,-18,-18,-18,-18,-18,-18,-36,-6,-29,0,-46,-22,-36,-36,-36,-7,-36,-7,-7,-12,-193,-183,-177,0,0,0,0,0,0,0,-79,0,0,0,0,0,0,0,0,0,0,0,0,0,-2432]} 1. d4 Nf6 2. Nf3 e6 3. Bf4 d5 4. e3 Bd6 5. Bg3 O-O 6. Nbd2 c5 {D02: 1 d4 d5 2 Nf3 sidelines, including 2...Nf6 3 g3 and 2...Nf6 3 Bf4} 7. c3 b6 8. Ne5 (8. Bd3 Ba6 9. Bxa6 Nxa6 10. Qe2 Nc7 11. Ne5 cxd4 12. cxd4 Ne4 13. Nd3 Qe7 14. Bxd6 Qxd6 {½-½ (30) Iturrizaga Bonelli,E (2652)-Adams,M (2751) Caleta 2017}) 8... Qc7 9. Bd3 Ba6 10. Bxa6 {LiveBook: 3 Games} Nxa6 11. O-O Nb8 {[%cal Ba6b8,Bb8d7,Bd7c5][%mdl 32]} 12. c4 cxd4 13. exd4 {[#]} Nbd7 $146 {[%cal Rd7e5]} ({Predecessor:} 13... Nc6 14. cxd5 Nxd4 15. Rc1 Qxc1 {0-1 (15) Lacroix,B (2184)-Hovhannisyan,M (2513) Charleroi 2014}) 14. Rc1 {White wants to play cxd5.} Qb7 15. Qa4 {Strongly threatening Nxd7.} (15. Ng6 $5) 15... Bxe5 16. dxe5 Nc5 17. Qa3 (17. Qc2 {feels hotter.} Nfe4 18. cxd5 exd5 19. b4 Nxg3 20. hxg3 Ne6 21. f4) 17... Nfe4 18. Nxe4 Nxe4 19. cxd5 Nxg3 20. Qxg3 Qxd5 21. a3 Rfd8 22. Rc7 Rac8 23. Qc3 (23. Rxa7 Rc1 $3 $19 {[%mdl 512]}) 23... Rxc7 24. Qxc7 $11 {[%mdl 4096] Endgame KQR-KQR} Qd7 25. Qc3 h6 26. h3 Qd2 27. Rc1 Qe2 28. Re1 Qd2 (28... Qd3 {is interesting.} 29. Re3 Qd1+ 30. Re1 Qd5 31. h4 g5) 29. Rc1 a5 30. b3 Qxc3 31. Rxc3 $15 {KR-KR} Rd5 32. a4 b5 33. axb5 Rxb5 34. Re3 h5 35. g4 Rb4 36. f3 Kh7 37. Kf2 h4 38. Rc3 Kh6 39. Ke3 Kg5 40. Rd3 f6 41. f4+ $2 (41. exf6 $11 gxf6 42. Rc3) 41... Rxf4 $19 42. Rd7 fxe5 $2 (42... g6 $19 43. exf6 Rxf6) 43. Rxg7+ $11 Kf6 44. Rh7 Rb4 45. Rxh4 {Hoping for g5+!} Rxb3+ 46. Ke4 {[#]} (46. Kf2 $11 {remains equal.}) 46... Rb4+ (46... Kg7 $1 $17 {White must now prevent ...a4.} 47. Rh5 Rb1 48. Rg5+ (48. Kxe5 $2 Rb5+ 49. Ke4 Rxh5 $19) (48. Rxe5 $2 Re1+ 49. Kd4 Rxe5 $19) 48... Kf6) 47. Ke3 {The position is equal.} Rb6 48. Rh6+ Kg7 49. Rh5 $1 Rb5 {...a4 is the strong threat.} (49... Ra6 $5 {[%cal Ra5a4]} 50. Rxe5 a4 $17) 50. Rg5+ $1 Kf7 {aiming for ...a4.} 51. Rh5 Kg7 {Threatens to win with ...a4.} 52. Rg5+ $1 Kf7 {And now ...a4 would win.} (52... Kh7 $5 {[%cal Ra5a4]} 53. Rh5+ Kg8 54. Rg5+ Kf8 $15) 53. Ke4 $2 {[%mdl 40960] Precision: White = 47%, Black = 43%. . An unexpected result.} (53. Rh5 $11) 1/2-1/2

[Event "XIX Sants Open 2017"]
[Site "Cotxeres de Sants"]
[Date "2017.08.25"]
[Round "8"]
[White "Ramesh R B"]
[Black "Agdestein, Simen"]
[Result "1/2-1/2"]
[WhiteElo "2470"]
[BlackElo "2604"]
[Annotator "TA"]
[PlyCount "122"]
[EventDate "2017.??.??"]
[EventType "swiss"]
[EventCountry "ESP"]
[SourceTitle "playchess.com"]
[Source "ChessBase"]
[SourceQuality "1"]

{[%evp 15,122,0,18,-11,39,3,21,17,1,0,-2,-2,0,-4,-18,-18,-7,-25,-9,-13,-19,-18,-12,-41,-45,-60,-35,-43,-40,-42,-40,-43,-42,-32,-21,-26,-26,-46,160,160,159,159,173,172,164,105,191,119,137,121,136,89,89,89,89,89,121,104,104,102,191,111,106,106,203,193,203,203,197,177,463,166,152,140,112,62,68,0,0,0,0,0,0,0,0,0,0,0,0,0,0,0,0,0,0,0,0,0,0,0,0,0,0,0,0,0,0,0,0]} 1. e4 e6 2. d4 d5 3. Nd2 Nf6 4. e5 Nfd7 5. c3 c5 6. Bd3 Nc6 7. Ngf3 a5 {[%cal Ba7a5,Ba5a4,Ba4a3][%mdl 32]} 8. O-O {C06: French Tarrasch: 3...Nf6 4 e5 Nfd7 5 Bd3 main lines} a4 {LiveBook: 15 Games} 9. Bc2 $146 ({Predecessor:} 9. Re1 h6 10. a3 Nb6 11. Nf1 Bd7 12. Ng3 Rc8 13. dxc5 Bxc5 14. Nh5 Kf8 15. Be3 Be7 {1-0 (63) Dominguez Perez,L (2732)-Ivanchuk,V (2710) Huaian 2016}) 9... a3 10. c4 {White is slightly better.} Be7 11. cxd5 exd5 12. dxc5 Nxc5 13. bxa3 Bg4 14. h3 Bh5 15. Nb3 Ne6 16. Re1 Bxa3 17. Bxa3 Rxa3 18. Qd3 d4 {[%cal Bd5d4,Bd4d3][%mdl 32]} 19. Nfd2 Bg6 20. Qc4 d3 21. Bb1 $1 O-O {aiming for ...Qd7.} 22. Re3 Qb8 23. Nf3 Rc8 24. Bxd3 Nxe5 25. Nxe5 Rxc4 26. Bxc4 Qd6 $2 (26... b5 $15 {keeps the upper hand.} 27. Nc6 Qd6 28. Bxe6 fxe6) 27. Bxe6 $1 $16 fxe6 28. Nc4 $1 {[%csl LRa3,LRd6]} Qb4 29. Nxa3 Qxa3 {[#]} 30. Rd1 (30. Nd4 $1 $18 Qd6 31. Nxe6) 30... b5 (30... h6 $16) 31. Nd4 (31. Rxe6 $18 Qxa2 32. Rd8+ Kf7 33. Nd4) 31... Qa4 32. Rd2 Qc4 33. Nf3 {Threatens to win with Rd8+.} h6 34. a3 Kh7 35. Kh2 Be8 36. Ne5 $36 {[%mdl 2048] White has strong initiative.} Qf4+ 37. Kg1 Qf6 (37... b4 $16) 38. Rc2 (38. Rd6 $18) 38... Qd8 39. Rc1 Qd2 {[#]} (39... Qd6 $16 40. Rce1 Qc5) 40. Rc8 $1 $18 {[%cal Rc8e8]} Bh5 41. g4 Qd1+ 42. Kh2 Qf1 $2 (42... Bg6 {was necessary.}) 43. Rf8 $2 (43. Nd3 Bg6 44. Rc1 Qxd3 45. Rxd3 Bxd3 46. Rc6) 43... Be8 44. h4 g5 45. h5 Kg7 46. Ref3 (46. Rff3 $1 $14) 46... Qe2 $11 {The position is equal.} 47. Rxe8 {[%csl Ge5][%cal Rf3f7]} Qxe5+ {[%mdl 4096] Endgame KQ-KRR} 48. Kh3 {Re7+ is the strong threat.} Qe1 49. Re7+ Kg8 50. Kh2 {Hoping for Ref7.} Qe5+ $1 51. Kg2 Qe4 52. Kg3 {Strongly threatening Ref7.} Qe5+ 53. Kh3 {And now Ref7 would win.} Qe1 54. Rff7 Qh1+ 55. Kg3 Qg1+ 56. Kf3 Qd1+ 57. Ke3 Qb3+ 58. Ke4 Qd5+ 59. Ke3 Qb3+ 60. Ke2 Qc2+ 61. Kf3 Qd1+ {Precision: White = 41%, Black = 55%.} 1/2-1/2

[Event "XIX Sants Open 2017"]
[Site "Cotxeres de Sants"]
[Date "2017.08.25"]
[Round "8"]
[White "Goh, Wei Ming Kevin"]
[Black "Dobrov, Vladimir"]
[Result "1/2-1/2"]
[WhiteElo "2446"]
[BlackElo "2510"]
[Annotator "TA"]
[PlyCount "68"]
[EventDate "2017.??.??"]
[EventType "swiss"]
[EventCountry "ESP"]
[SourceTitle "playchess.com"]
[Source "ChessBase"]
[SourceQuality "1"]

{[%evp 13,68,12,43,20,23,19,22,24,27,15,30,26,40,40,57,35,47,33,58,39,56,33,59,53,63,45,86,86,95,54,73,71,72,63,67,77,170,156,220,222,231,163,313,175,204,0,0,0,0,0,0,0,0,0,0,0,0]} 1. e4 c5 2. Nf3 Nc6 3. Bb5 e6 4. O-O Nge7 5. Re1 a6 6. Bf1 d5 7. exd5 Qxd5 {LiveBook: 75 Games} 8. g3 {B30: Sicilian: 2...Nc6 3 Bb5, lines without ...g6} (8. c3 Nf5 9. d4 cxd4 10. g4 Nfe7 11. cxd4 Qd7 12. Nc3 f6 13. d5 exd5 14. Nxd5 Kf7 15. Bg2 h5 {0-1 (62) Petrosian,T (2663)-Salem,A (2530) Dubai 2013}) 8... Nf5 9. Bg2 {[#] Nh4 is the strong threat.} Qd8 10. Na3 Be7 11. Nc4 O-O $146 ({Predecessor:} 11... f6 12. a4 e5 13. d3 O-O 14. Nfd2 Qc7 15. a5 Be6 {0-1 (60) Martinez,M (2427)-Hungaski,R (2488) chess.com INT 2017}) 12. d3 a5 13. a4 Nb4 14. Bd2 Nd5 15. c3 Ra6 16. Qc2 f6 17. Rad1 Qe8 18. Bc1 Bd7 19. b3 Qg6 20. Ba3 Rc8 21. Qb2 b5 22. axb5 Bxb5 23. Nce5 fxe5 24. Nxe5 Qf6 (24... Qe8 $16) 25. c4 $18 Be8 (25... Nc3 $16 {keeps fighting.}) 26. cxd5 Nd4 27. dxe6 Bh5 (27... Rd8 $142 28. Rc1 Rxe6) 28. g4 (28. Rc1 $142 {Hoping for Qxd4!} Rd8 29. Bxc5 Bxc5 30. Rxc5) 28... Bd6 29. Nd7 $2 {[#]} ({Less strong is} 29. gxh5 Bxe5 30. Qc1 Rxe6 $16) (29. f4 $18) 29... Nf3+ $11 {The position is equal.} 30. Bxf3 Qxf3 31. gxh5 Qg4+ 32. Kh1 Qf3+ 33. Kg1 Qg4+ 34. Kh1 Qf3+ {Precision: White = 46%, Black = 34%.} 1/2-1/2

[Event "XIX Sants Open 2017"]
[Site "Cotxeres de Sants"]
[Date "2017.08.25"]
[Round "8"]
[White "Diaz Camallonga, Carles"]
[Black "Novikov, Stanislav"]
[Result "1/2-1/2"]
[WhiteElo "2437"]
[BlackElo "2538"]
[Annotator "TA"]
[PlyCount "130"]
[EventDate "2017.??.??"]
[EventType "swiss"]
[EventCountry "ESP"]
[SourceTitle "playchess.com"]
[Source "ChessBase"]
[SourceQuality "1"]

{[%evp 17,130,19,10,0,4,0,0,0,0,-1,0,0,0,-14,-18,-12,0,0,27,7,12,12,27,-10,-4,-7,-9,-10,22,0,50,38,51,46,52,53,41,0,33,0,0,0,0,0,0,0,0,0,0,0,0,0,0,0,0,0,0,0,0,0,0,0,0,0,0,-79,-5,-43,-6,-23,-4,-8,0,0,0,-78,-80,-80,-80,-58,0,0,0,-21,0,0,0,0,0,0,0,0,0,0,0,0,0,0,0,0,0,0,0,0,0,0,0,-4,0,0,0,-4,0,0,0]} 1. e4 c5 2. Nf3 e6 3. d4 cxd4 4. Nxd4 Nc6 5. Nb5 d6 6. c4 Nf6 7. N1c3 a6 {B44: Sicilian: Taimanov: 5 Nb5} 8. Na3 Qa5 (8... Be7 9. Be2 O-O 10. O-O b6 11. Be3 Bb7 12. Qb3 Nd7 13. Rac1 Rb8 14. Rfd1 Nc5 15. Qc2 Nb4 16. Qd2 Qc8 17. b3 Rd8 18. Nab1 d5 19. Nxd5 exd5 20. Qxb4 dxe4 21. Qxb6 Nd3 22. Rc2 Bd5 23. Qa7 Bc6 24. Qxe7 {1-0 (24) Ivanchuk,V (2747)-Najer,E (2679) Doha 2016}) 9. Bd2 Be7 {LiveBook: 3 Games} 10. Be2 O-O 11. O-O Qe5 12. Bd3 Nb4 $146 ({Predecessor:} 12... d5 13. exd5 Bxa3 14. bxa3 exd5 15. cxd5 Nxd5 16. Nxd5 Qxd5 {½-½ (42) Mihok,O (2464)-Bai,J (2444) Boeblingen 2014}) 13. Bb1 Bd7 14. Be3 Rac8 15. Bd4 Qa5 {[#]} 16. c5 $1 {[%mdl 512]} d5 (16... dxc5 17. Bxf6) 17. exd5 exd5 (17... Nfxd5 {looks sharper.} 18. Nc4 Qc7 19. Nd6 Bxd6 20. cxd6 Qxd6 21. Bxh7+ Kxh7 22. Qh5+ Kg8) 18. Nc2 $1 {Black must now prevent Bxf6.} ({Weaker is} 18. Bxf6 Bxf6 19. Nc2 Bxc3 $17) 18... Nc6 {[#]} ({Of course not} 18... Bxc5 19. Bxf6 gxf6 20. Nxb4 $16) 19. b4 $1 {[%cal Rb4a5][%mdl 512]} Qd8 $1 ({Reject} 19... Nxb4 $6 20. Nxb4 Qxb4 21. Bxf6 $16) 20. Na4 Nxd4 21. Nxd4 Bxa4 22. Qxa4 g6 (22... a5 $5) 23. Bd3 Ng4 {Black wants to play ...Bf6.} 24. Be2 Ne5 25. Rad1 Bf6 26. Qb3 Rc7 27. Rd2 Re8 {Threatening ...Nc4!} (27... Nc4 $5 28. Bxc4 dxc4 29. Qxc4 Rd7 $11) 28. Rfd1 Nc4 29. Bxc4 dxc4 30. Qxc4 Rd7 $1 {[%cal Rd7d4] ...Rxd4 is the strong threat.} 31. Nf3 Rxd2 32. Rxd2 Re1+ $1 33. Nxe1 Qxd2 34. Nf3 Qd1+ 35. Qf1 Qc2 36. g3 Qxa2 {aiming for ...Qb3.} 37. Qd3 Qa4 38. Qe4 Qd7 39. Qc4 Kg7 40. Kf1 Qa4 41. Ne1 {[#]} (41. Kg2 $11) 41... Qd1 (41... a5 $1 $17 42. Nc2 Kg8) 42. Qc2 Qd4 43. Qb3 Qe4 44. h4 h5 45. Nc2 Be5 46. Qe3 {[#]} (46. Ne1 $11) 46... Qc4+ $1 $17 47. Qe2 Qd5 {[%cal Rd5h1]} 48. Qe3 Qc4+ (48... Bf6 $15) 49. Qe2 $11 {The position is equal.} Qc3 50. Qe3 Qb2 51. Qe4 Bc3 52. Kg2 a5 53. bxa5 {Hoping for c6.} Qb5 54. Ne3 Qxc5 55. Qxb7 {Strongly threatening a6.} Qxa5 56. Qd5 Qa7 57. Qe4 Bd4 58. Kf3 Qc5 59. Nd5 Kf8 60. Ne3 Qc3 61. Ke2 Kg7 (61... f5 $5 {[%cal Rf5e4]} 62. Qe6 Bxe3 63. fxe3 Qc2+ 64. Kf3 Kg7 $11) 62. Qd3 Qc5 63. Qe4 Qc3 64. Qd3 Qc5 65. Qe4 Qc3 {Precision: White = 70%, Black = 60%.} 1/2-1/2

[Event "XIX Sants Open 2017"]
[Site "Cotxeres de Sants"]
[Date "2017.08.25"]
[Round "8"]
[White "Erdogdu, Mert"]
[Black "Delchev, Aleksander"]
[Result "1-0"]
[WhiteElo "2415"]
[BlackElo "2577"]
[Annotator "TA"]
[PlyCount "41"]
[EventDate "2017.??.??"]
[EventType "swiss"]
[EventCountry "ESP"]
[SourceTitle "playchess.com"]
[Source "ChessBase"]
[SourceQuality "1"]

{[%evp 21,41,0,11,-4,25,6,24,21,22,23,50,45,110,91,231,216,231,178,263,175,522,518]} 1. e4 e6 2. d4 d5 3. Nc3 Nf6 4. Bg5 dxe4 5. Nxe4 Nbd7 6. Nf3 h6 7. Nxf6+ Nxf6 8. Be3 Bd6 {C10: French with 3 Nc3: Unusual Black 3rd moves and 3...dxe4} 9. Bd3 b6 10. Qe2 Bb7 11. Ne5 O-O {LiveBook: 3 Games} ({Of course not} 11... Bxg2 $6 12. Rg1 $16) 12. f4 $146 ({Predecessor:} 12. O-O-O c5 13. f4 Qc7 14. Rhe1 Rfd8 15. dxc5 Bxc5 16. Bxc5 Qxc5 {1-0 (31) Inarkiev,E (2723)-Cordova,E (2655) Moscow 2017}) 12... Nd5 13. Bd2 Nb4 14. Bxb4 $1 Bxb4+ 15. c3 Be7 16. O-O-O Qd5 (16... Bf6 $14) 17. Rhg1 $16 Qxa2 (17... Bf6 $16 {was necessary.}) 18. g4 $18 {[%cal Bg2g4,Bg4g5][%mdl 32]} g6 19. g5 {[%mdl 1024] White has strong compensation.} h5 (19... hxg5 $142 20. Bc4 Qa1+ 21. Kc2 Qa4+ 22. Kb1 Bd6) 20. Qc2 c5 $2 {[#]} (20... Bd6 {is tougher.}) 21. Bc4 $1 {Precision: White = 83%, Black = 13%.} ({Less strong is} 21. Bxg6 Bd6 $16) 1-0